000 00348 a2200169 4500
001 185584
020 _a85-08-06543-4
040 _cMagnum
100 _aRocha, Ruth
240 1 0 _aFantasma existe ?
_lpor
245 1 0 _aFantasma existe ?
300 _a14
362 0 _a1997
440 1 _aÁtica
697 _aLITERATURA INFANTIL
942 _cBK
999 _c185584
_d185584